<?xml version="1.0" encoding="UTF-8"?>
<record
    xmlns:xsi="http://www.w3.org/2001/XMLSchema-instance"
    xsi:schemaLocation="http://www.loc.gov/MARC21/slim http://www.loc.gov/standards/marcxml/schema/MARC21slim.xsd"
    xmlns="http://www.loc.gov/MARC21/slim">

  <leader>01262nam a2200181 u 4500</leader>
  <controlfield tag="001">000020321</controlfield>
  <controlfield tag="005">20200929170351.0</controlfield>
  <controlfield tag="008">100813s2015    dr            000 0 spa d</controlfield>
  <datafield tag="020" ind1=" " ind2=" ">
    <subfield code="a">9789945899153</subfield>
  </datafield>
  <datafield tag="040" ind1=" " ind2=" ">
    <subfield code="a">DO-SdBNP</subfield>
    <subfield code="b">spa</subfield>
    <subfield code="c">BNPHU</subfield>
  </datafield>
  <datafield tag="082" ind1=" " ind2=" ">
    <subfield code="a">xxx</subfield>
    <subfield code="b">xxxx</subfield>
  </datafield>
  <datafield tag="100" ind1="1" ind2=" ">
    <subfield code="a">Gonz&#xE1;lez Qui&#xF1;ones, Ricardo</subfield>
    <subfield code="9">42961</subfield>
  </datafield>
  <datafield tag="245" ind1="1" ind2="0">
    <subfield code="a">Sabaneta :</subfield>
    <subfield code="b">ciento setenta a&#xF1;os de historia y hero&#xED;smo cronolog&#xED;a 1844-2014 /</subfield>
    <subfield code="c">Ricardo Gonz&#xE1;lez Qui&#xF1;ones.</subfield>
  </datafield>
  <datafield tag="260" ind1=" " ind2=" ">
    <subfield code="a">Santo Domingo :</subfield>
    <subfield code="b">Ministerio de Cultura,</subfield>
    <subfield code="b">Proyectos Culturales,</subfield>
    <subfield code="c">2015.</subfield>
  </datafield>
  <datafield tag="300" ind1=" " ind2=" ">
    <subfield code="a">188 p. ;</subfield>
    <subfield code="c">24 cm.</subfield>
  </datafield>
  <datafield tag="505" ind1="0" ind2=" ">
    <subfield code="a">Pr&#xF3;logo /</subfield>
    <subfield code="r">Pedro Carreras Aguilar --</subfield>
    <subfield code="t">As&#xED; renaci&#xF3;n Sabaneta : somos los hijos del fuego --</subfield>
    <subfield code="t">Entre la com&#xFA;m y la Anexi&#xF3;n --</subfield>
    <subfield code="t">La sublevaci&#xF3;n de Sabaneta : nuestros pr&#xF3;ceres y m&#xE1;rtires al grito de &#xA1;mache, carajo! -- La cuna de la restauraci&#xF3;n y El Grito de Capotillo --</subfield>
    <subfield code="t">Sabaneta novillo desde el a&#xF1;o 1901 hasta el a&#xF1;o 1930 --</subfield>
    <subfield code="t">Sabaneta,Santiago Rodr&#xED;guez desde 1930 hasta el a&#xF1;o 1945 --</subfield>
    <subfield code="t">Sabaneta,Santiago Rodr&#xED;guez desde 1946 hasta el a&#xF1;o 161 -- .</subfield>
    <subfield code="t">San Ignacio de Sabaneta, Santiago Rodr&#xED;guez des el a&#xF1;o 1981 hasta el a&#xF1;o 2000 --</subfield>
    <subfield code="t">San Ignacio de Sabaneta, Santiago Rodr&#xED;guez des el a&#xF1;o2001 hasta el a&#xF1;o 2014.</subfield>
  </datafield>
  <datafield tag="500" ind1=" " ind2=" ">
    <subfield code="a">Incluye datos biogr&#xE1;ficos del autor en la solapa</subfield>
  </datafield>
  <datafield tag="952" ind1=" " ind2=" ">
    <subfield code="0">0</subfield>
    <subfield code="1">1</subfield>
    <subfield code="5">4</subfield>
    <subfield code="7">0</subfield>
    <subfield code="8">DS</subfield>
    <subfield code="a">GR</subfield>
    <subfield code="b">GR</subfield>
    <subfield code="c">MI</subfield>
    <subfield code="d">2017-05-09</subfield>
    <subfield code="i">LF1</subfield>
    <subfield code="l">0</subfield>
    <subfield code="o">xxx xxxx</subfield>
    <subfield code="p">20321-30</subfield>
    <subfield code="r">2020-06-25</subfield>
    <subfield code="t">e. 3</subfield>
    <subfield code="w">2020-06-25</subfield>
    <subfield code="y">LFDS</subfield>
    <subfield code="Z">Pr&#xE9;stamo en sala</subfield>
  </datafield>
  <datafield tag="952" ind1=" " ind2=" ">
    <subfield code="0">0</subfield>
    <subfield code="1">0</subfield>
    <subfield code="7">1</subfield>
    <subfield code="8">PD</subfield>
    <subfield code="a">PD</subfield>
    <subfield code="b">PD</subfield>
    <subfield code="c">HD</subfield>
    <subfield code="d">2017-05-09</subfield>
    <subfield code="i">LF1</subfield>
    <subfield code="l">0</subfield>
    <subfield code="o">xxx xxxx</subfield>
    <subfield code="p">20321-10</subfield>
    <subfield code="r">2020-06-25</subfield>
    <subfield code="w">2020-06-25</subfield>
    <subfield code="y">LFPD</subfield>
    <subfield code="Z">No se presta</subfield>
  </datafield>
  <datafield tag="952" ind1=" " ind2=" ">
    <subfield code="0">0</subfield>
    <subfield code="1">0</subfield>
    <subfield code="7">1</subfield>
    <subfield code="8">PD</subfield>
    <subfield code="a">PD</subfield>
    <subfield code="b">PD</subfield>
    <subfield code="c">HD</subfield>
    <subfield code="d">2017-05-09</subfield>
    <subfield code="i">LF1</subfield>
    <subfield code="l">0</subfield>
    <subfield code="o">xxx xxxx</subfield>
    <subfield code="p">20321-20</subfield>
    <subfield code="r">2020-06-25</subfield>
    <subfield code="t">e. 2</subfield>
    <subfield code="w">2020-06-25</subfield>
    <subfield code="y">LFPD</subfield>
    <subfield code="Z">No se presta</subfield>
  </datafield>
  <datafield tag="999" ind1=" " ind2=" ">
    <subfield code="c">19825</subfield>
    <subfield code="d">19825</subfield>
  </datafield>
</record>
